Modern real and complex analysis
Αποθηκεύτηκε σε:
| Κύριος συγγραφέας: | |
|---|---|
| Μορφή: | Βιβλίο |
| Γλώσσα: | English |
| Δημοσίευση: |
New York ; Chichester :
Wiley,
c1995
|
| Θέματα: | |
| Ετικέτες: |
Προσθήκη ετικέτας
Δεν υπάρχουν, Καταχωρήστε ετικέτα πρώτοι!
|
MARC
| LEADER | 00000nam a2200000 i 4500 | ||
|---|---|---|---|
| 001 | 1/75132 | ||
| 008 | 990528s1995 eng d | ||
| 020 | |a 0-471-10715-8 | ||
| 035 | |l 10049262 | ||
| 040 | |a GR-MY-UA |b gre |e aacr | ||
| 041 | 0 | |a eng | |
| 082 | 0 | |a 515 | |
| 100 | 1 | |a Gelbaum, Bernard R. | |
| 245 | 1 | 0 | |a Modern real and complex analysis / |c Bernard R. Gelbaum |
| 260 | |a New York ; Chichester : |b Wiley, |c c1995 | ||
| 300 | |a xi, 489 p.; |b ill.; |c 25 cm. | ||
| 500 | |a Includes bibliographical references and index | ||
| 650 | 0 | 0 | |a Mathematical analysis. |
| 852 | |a INST |b SAMOS |e 19990528 |h 515 GEL |p 005300012867 |q 005300012867 |t BK |y 0 | ||
| 901 | |a BIBL3-1999-2 | ||
| 909 | |a Σ |b 063708 | ||
| 922 | |a 3ΕΛΗ |b 199901 |c ΚΠΣ |d GLORY | ||